Les prophètes cités dans le Coran - Statistiques

Statistiques générales
  • Ce quiz a été pris 3 063 fois
    3 061 depuis la dernière actualisation
  • Le résultat moyen est 8 sur 25
Statistiques - réponses
Hint Réponse % Correct
25 Mouhammad
94%
24 Issa
79%
6 Ibrahim
78%
1 Adam
76%
15 Moussa
72%
3 Nouh
53%
8 Ismail
40%
11 Youssouf
39%
2 Idris
37%
21 Younous
30%
18 Daoud
25%
9 Ishaq
23%
23 Yahya
23%
4 Houd
22%
5 Salih
22%
7 Lout
21%
14 Haroun
20%
19 Sulayman
8%
20 Ilyass
6%
13 Chouayb
5%
22 Zakariyya
5%
10 Yaaqoub
4%
16 Al-Yassaa
2%
12 Ayooub
2%
17 Dhou Al-Kifl
2%
Aucun quiz correspondant
Distribution des résultats
% des personnes avec chaque résultat
Percentile par nombre de réponses
Votre historique - résultats
Vous n’avez pas pris ce quiz depuis la dernière actualisation